Post-military society : militarism, demilitarization, and war at the end of the twentieth century
Αποθηκεύτηκε σε:
| Κύριος συγγραφέας: | |
|---|---|
| Μορφή: | Βιβλίο |
| Γλώσσα: | English |
| Δημοσίευση: |
Cambridge :
Polity Press,
1991
|
| Θέματα: | |
| Ετικέτες: |
Προσθήκη ετικέτας
Δεν υπάρχουν, Καταχωρήστε ετικέτα πρώτοι!
|
MARC
| LEADER | 00000nam a2200000 i 4500 | ||
|---|---|---|---|
| 001 | 1/70217 | ||
| 008 | 981119s1991 eng d | ||
| 020 | |a 0-7456-0199-5 | ||
| 035 | |l 10030581 | ||
| 040 | |a GR-MY-UA |b gre |e aacr | ||
| 041 | 0 | |a eng | |
| 082 | 0 | |a 355.02130904 | |
| 100 | 1 | |a Shaw, Martin. | |
| 245 | 1 | 0 | |a Post-military society : |b militarism, demilitarization, and war at the end of the twentieth century / |c Martin Shaw |
| 260 | |a Cambridge : |b Polity Press, |c 1991 | ||
| 300 | |a 229 p. | ||
| 504 | |a Includes bibliographical references and index | ||
| 650 | 0 | 0 | |a Militarism |x History |y 20th century. |
| 650 | 0 | 0 | |a War and society. |
| 650 | 0 | 0 | |a World politics |y 20th century. |
| 650 | 0 | 0 | |a Military history, Modern |y 20th century. |
| 852 | |a INST |b LESVOS |e 19981119 |h 355.02130904 SHA |p 005100018060 |q 005100018060 |t BK |y 0 | ||
| 901 | |a BIBL-1998-3 | ||
| 909 | |a Λ |b 059916 | ||
| 922 | |a 1ΕΛΗ |b 199812 |c ΚΠΣ/ΤΚ |d ΠΑΠΑΣΩΤΗΡΙΟΥ | ||
| 950 | |a 103-1998-07-27 | ||